Özelleştirme (Record no. 10327)

MARC details
000 -BAŞLIK
Sabit Uzunlukta Kontrol Alanı 00889na a2200277 4500
001 - KONTROL NUMARASI
Denetim Alanı 23772
003 - KONTROL NUMARASI IDENTIFIER
Denetim Alanı MIRAKIL
005 - SON İŞLEM TARİHİ VE ZAMANI
Denetim Alanı 20181213155316.0
008 - SABİT-BOY VERİ ELEMANLARI - GENEL BİLGİLER
Sabit Uzunlukta Kontrol Alanı 180115b tu 000 0
020 ## - ULUSLARARASI STANDART KİTAP NUMARASI
Uluslararası Standart Kitap Numarası 9754401705
040 ## - KATALOGLAMA KAYNAK
Orijinal Kataloglama Ajansı Milas
Kataloglama Dili tur
Metne Dönüştürmek Ajansı TR-AnCHP
041 ## - DİL KODU
Metin / Ses Parça Veya Ayrı Başlığın Dil Kodu tur
082 ## - DEWEY ONLU SINIFLANDIRMA NUMARASI
Sınıflandırma Numarası 343.0253
Ürün Numarası S28ö 1999
090 ## - SINIFLAMA NUMARASI
Sınıflama Numarası 343.0253 S28ö 1999
100 ## - ANA GİRİŞ - KİŞİSEL İSİM
Kişisel Ad Savas, E.S.
245 ## - BAŞLIK TABLOSU
Başlık Özelleştirme
Başlığın Kalan Daha iyi devlet yönetmenin anahtarı
Sorumluluk Tablosu, Vb E.S. Savas ; çeviren Ergün Yener
246 ## - UNVAN FORM VARYING
Başlık Doğru / Kısa Başlığı Daha iyi devlet yönetmenin anahtarı
250 ## - EDITION TABLOSU
Baskı Beyanı 2. bs.
260 ## - YAYIN, DAĞITIM, VB
Yayın, Dağıtım, Vb Yeri Ankara
Yayıncı, Dağıtıcı, Vs Adı Milli Prodüktivite Merkezi
Yayın, Dağıtım, Vb Tarihi 1999
300 ## - FİZİKSEL TANIM
Kapsam 400 s.
Diğer Fiziksel Ayrıntıları grf., şkl., tbl.
Boyutlar 24 sm.
440 ## - SERİSİ TABLOSU / KATMA GİRİŞİ - BAŞLIK
Başlık Milli prodüktivite merkezi yayınları
Hacim / Ardışık Tanımı 517
650 ## - KONU KATMA GİRİŞ - TOPİKAL DÖNEM
Topikal Süreli Veya Coğrafi Ad Giriş Elemanı Özelleştirme
Genel Alt Bölümü Hukuk ve mevzuat
Coğrafi Alt Bölümü Türkiye
650 ## - KONU KATMA GİRİŞ - TOPİKAL DÖNEM
Topikal Süreli Veya Coğrafi Ad Giriş Elemanı Kamu malları hukuku
Genel Alt Bölümü Özelleştirme
Coğrafi Alt Bölümü Türkiye
700 ## - KATMA GİRİŞ - KİŞİSEL İSİM
Kişisel Ad Yener, Ergün
942 ## - EKLENDİ GİRİŞ ELEMANLARI (KOHA)
Sınıflandırma Veya Raf Düzeni Kaynak Dewey Decimal Classification
Koha Öğesi Türü Books
999 ## - SİSTEM KONTROL NUMARALARI (KOHA)
Koha Biblionumber 10327
Koha Biblioitemnumber 10327
Holdings
Kalıcı Konum Mevcut Konum Edinme Tarihi Edinim Kaynak Toplam Check-Out'Lar Tam Çağrı Numarası Barkod Tarih Son Görülme İtibaren Geçerli Fiyatlar Koha Öğesi Türü
CHP Kütüphanesi CHP Kütüphanesi 12/25/2017 Bağış   343.0253 S28ö 1999 017753 12/25/2017 12/25/2017 Books